No tocar este libro! /

Bibliographic Details
Main Author: Helsing, Jan van, 1967- (Author)
Other Authors: Eisenblätter, Jörg K. (Translator)
Format: Electronic eBook
Language:Spanish
German
Published: [Alhaurín el Grande, Málaga] : Los Libros de la Frontera, [2021]
Series:Revelaciones (Libros de la Frontera)
Subjects:
Online Access:Digitalia Hispánica

MARC

LEADER 00000nam a2200000 i 4500
001 DIGLIDFRO0077
003 NyNyDIG
007 cr |||||||||||
008 231101s2021 sp a ob 000 0 spa d
006 m o d
035 |a (OCoLC)1409626750 
040 |a DGITA  |b eng  |e rda  |e pn  |c DGITA 
020 |a 9788482552149  |q eBook 
020 |z 9788482552125 
041 1 |a spa  |h ger 
050 1 4 |a CB156 ebook 
100 1 |a Helsing, Jan van,  |d 1967-  |e author. 
240 1 0 |a Hände weg von diesem buch!.  |l Spanish  |s (Eisenblätter) 
245 1 0 |a No tocar este libro! /  |c Jan van Helsing ; traducción, Jörg K. Eisenblätter. 
264 1 |a [Alhaurín el Grande, Málaga] :  |b Los Libros de la Frontera,  |c [2021] 
300 |a 1 online resource :  |b illustrations. 
336 |a text  |b txt  |2 rdacontent 
337 |a computer  |b c  |2 rdamedia 
338 |a online resource  |b cr  |2 rdacarrier 
347 |a text file  |2 rdaft 
347 |b PDF 
490 1 |a Revelaciones 
504 |a Includes bibliographical references. 
588 0 |a Online resource; title from PDF title page (Digitalia, viewed November 1, 2023) 
650 0 |a Civilization  |x Extraterrestrial influences. 
650 0 |a Pseudoscience. 
650 0 |a Curiosities and wonders. 
700 1 |a Eisenblätter, Jörg K.,  |e translator. 
700 1 |i Translation of:  |a Helsing, Jan van,  |d 1967-  |t Hände weg von diesem buch!. 
791 2 |a Digitalia (Firm),  |e distributor. 
793 0 |g Digitalia eBook Collection:  |a Libros de la Frontera 
776 0 8 |i Print version:  |a Helsing, Jan van, 1967-  |s Hände weg von diesem buch!. Spanish (Eisenblätter).  |t No tocar este libro!.  |b Primera edición en español.  |d [Alhaurín el Grande, Málaga] : Los Libros de la Frontera, [2021]  |z 9788482552125 
830 0 |a Revelaciones (Libros de la Frontera) 
856 4 0 |3 Digitalia Hispánica  |u https://www.digitaliapublishing.com/a/111175/ 
910 |a Premium collection: 2023